| 000 | 00941nam a2200229Ia 4500 | ||
|---|---|---|---|
| 003 | Ost | ||
| 005 | 20260507075134.0 | ||
| 008 | 260507s9999||||xx |||||||||||||| ||und|| | ||
| 020 | _a1668119957 | ||
| 040 | _cfsecg | ||
| 041 | _aara | ||
| 082 | _a330 | ||
| 100 |
_aعبد الله، خالد أمين _eمؤلف |
||
| 245 | 0 |
_aإدارة العمليات المصرفية المحلية والمصرفية / _c خالد أمين عبد الله |
|
| 260 |
_aعمان: _bدار وائل للنشر والتوزيع, _c2006 |
||
| 300 |
_a459 صفحة؛ _bإيضاحات ؛ _c24 سم |
||
| 520 | _aالتعريف بالجهاز المصرفي- العمليات المصرفية المحلية- العمليات المصرفية الخارجية- التمويل الدولي. | ||
| 653 | _aالإدارة | ||
| 653 | _aالمصارف | ||
| 700 |
_aالطراد، اسماعيل ابراهيم _eمؤلف ثانوي |
||
| 942 | _cكتاب | ||
| 999 |
_c43251 _d43251 |
||